000 00665nam a2200205Ii 4500
003 JO-AjNU
008 230605s9999||||xx |||||||||||||| ||und||
040 _aJO-AjNU
_bara
_erda
_cJO-AjNU
041 _aara
050 1 4 _aBP64.S73.T8734.1989
100 3 _aالترابي، حسن,
_eauthor
_941117
245 0 0 _aالحركة الإسلامية في السودان :التطور والكسب والمنهج
250 _aط1
264 3 1 _aد.م:د.ن،1989
300 _a312ص
336 _atext
_btxt
_2rdacontent
337 _aunmediated
_bn
_2rdamedia
338 _avolume
_bnc
_2rdacarrier
650 4 _aالحركة الاسلامية-السودان
_941118
999 _aA17505
_c21073
_d21073